000 00728nam a2200193 a 4500
001 000040597
005 20201002034236.0
008 130902s2010 sp 000 0 spa d
020 _a8477382190
040 _aDO-SdBNP
_bspa
_cBNPHU
100 1 _aHernández Guerrero, José Antonio
_966934
245 1 0 _aHistoria Breve de la Retórica /
_cJosé Antonio Hernández Guerrero, María del Carmen García Tejera.
260 _aMadrid :
_bEditorial Síntesis,
_c2010.
300 _a222 ;
_c23 cm.
490 1 _aTeoría de la literatura y literatura contemporánea
504 _aBibliografía : p.193-222
700 1 _aGarcía Tejera, María del Carmen
_966935
830 0 _aTeoría de la literatura y literatura contemporánea
_966936
999 _c40087
_d40087